000 00445nam a22001697a 4500
999 _c17794
_d17794
008 190701b xxu||||| |||| 00| 0 eng d
020 _a158134712x
050 _aHM216
_b.F45 2010 c.1
100 _aFeinberg, John S.
245 _aEthics for a brave new world
_cJohn S. Feinberg
250 _a2nd ed.
260 _aIllinois
_bCrossway
_c2010
300 _a846p.
650 _aSocial ethics
650 _aChristian ethics
942 _2lcc
_cBK